[Event "15PCR_PF6"]
[Site "?"]
[Date "2004.??.??"]
[Round "1"]
[White "Paulik, Vaclav"]
[Black "Nigrin, Jiri"]
[Result "1/2-1/2"]
[WhiteElo "2172"]
[BlackElo "2104"]
[PlyCount "126"]
[EventDate "2004.??.??"]
[EventType "corr"]
[EventRounds "2"]
[SourceDate "2005.03.08"]

1. e4 c5 2. d4 cxd4 3. c3 dxc3 4. Nxc3 Nc6 5. Nf3 d6 6. Bc4 e6 7. O-O Nf6 8.
Qe2 Be7 9. Rd1 e5 10. h3 O-O 11. Bg5 Be6 12. Rac1 Rc8 13. Bxf6 Bxf6 14. Nb5 Be7
15. Qd3 Bxc4 16. Qxc4 Nd4 17. Qd3 Nxf3+ 18. Qxf3 Qb6 19. Rxc8 Rxc8 20. Qe2 Qa6
21. Ra1 Rd8 22. Qc4 Qb6 23. Nc3 Qc5 24. Qb3 Rb8 25. Nd5 Bg5 26. a4 a5 27. Qd3
Rf8 28. Rd1 Rc8 29. g3 Qc4 30. b3 Qxd3 31. Rxd3 Rc2 32. h4 Bc1 33. Ne7+ Kf8 34.
Nf5 Ba3 35. Nxd6 Bxd6 36. Rxd6 Re2 37. Rb6 Rxe4 38. Rxb7 Re1+ 39. Kg2 e4 40.
Rb8+ Ke7 41. Ra8 Rb1 42. Rxa5 Rxb3 43. Re5+ Kd7 44. Rxe4 Ra3 45. g4 Kd6 46. f3
f6 47. Kg3 g5 48. h5 Ra1 49. Rd4+ Kc7 50. Kf2 Ra3 51. h6 Kc6 52. Rd8 Rxa4 53.
Rf8 Kd6 54. Rxf6+ Ke7 55. Rf5 Ra2+ 56. Kg3 Ra6 57. Rxg5 Rxh6 58. Rh5 Rxh5 59.
gxh5 Kf7 60. Kg4 Ke6 61. Kg5 Kf7 62. Kf5 Ke7 63. Ke4 Ke6 1/2-1/2

[Event "15PCR_PF6"]
[Site "?"]
[Date "2004.??.??"]
[Round "2"]
[White "Nigrin, Jiri"]
[Black "Koci, Vladimir"]
[Result "0-1"]
[WhiteElo "2104"]
[BlackElo "2270"]
[PlyCount "90"]
[EventDate "2004.??.??"]
[EventType "corr"]
[EventRounds "2"]
[SourceDate "2005.03.08"]

1. d4 Nf6 2. c4 e6 3. Nf3 d5 4. Nc3 c5 5. cxd5 Nxd5 6. e4 Nxc3 7. bxc3 cxd4 8.
cxd4 Nc6 9. Bc4 Bd6 10. O-O O-O 11. Be3 a6 12. e5 Be7 13. a4 Bd7 14. Nd2 b5 15.
Bd3 Nb4 16. Be4 Nd5 17. axb5 Bxb5 18. Qg4 Nxe3 19. fxe3 Bxf1 20. Bxa8 Bb5 21.
Bf3 a5 22. Ne4 a4 23. Be2 Bc6 24. Bd3 Kh8 25. Rc1 Bd5 26. Nc3 Bb3 27. Ne4 a3
28. Qh5 h6 29. Nd2 Bd5 30. Nc4 Bg5 31. Qe2 Qe7 32. g3 Qb4 33. h4 Be7 34. Kh2
Ra8 35. e4 Bc6 36. Bb1 Bb5 37. Kh3 Qb2 38. Qxb2 axb2 39. Nxb2 Ba3 40. Rc2 Rb8
41. Kg4 Ba6 42. Nc4 Bxc4 43. Rxc4 Rxb1 44. d5 Rb4 45. Rc1 Bxc1 0-1

[Event "15PCR_PF6"]
[Site "?"]
[Date "2004.??.??"]
[Round "2"]
[White "Hrubcik, Martin"]
[Black "Koci, Vladimir"]
[Result "1-0"]
[WhiteElo "2072"]
[BlackElo "2270"]
[PlyCount "85"]
[EventDate "2004.??.??"]
[EventType "corr"]
[EventRounds "2"]
[SourceDate "2005.03.08"]

1. e4 g6 2. d4 d6 3. c4 Bg7 4. Nc3 Nf6 5. Nf3 O-O 6. Be2 c5 7. O-O cxd4 8. Nxd4
Na6 9. Be3 Nc5 10. f3 a5 11. Ndb5 b6 12. Qe1 Bd7 13. Qh4 a4 14. Rad1 Qb8 15.
Rfe1 Bc6 16. Bf1 Bd7 17. Bf4 Bxb5 18. Nxb5 Qb7 19. Bg5 Qc6 20. Rd2 Ne6 21. Be3
Nc7 22. Nc3 Qb7 23. f4 b5 24. cxb5 Nxe4 25. Nxe4 Qxe4 26. b6 Bf6 27. Qf2 Ne6
28. g4 Rab8 29. a3 Qc6 30. Bg2 Qb5 31. f5 Ng7 32. Kh1 gxf5 33. gxf5 Qxf5 34.
Bc6 Rfc8 35. Qxf5 Nxf5 36. Bd7 Nxe3 37. Bxc8 Kf8 38. Rxe3 Bg5 39. Re4 Bxd2 40.
b7 Ke8 41. Rxa4 Kd8 42. Rc4 e5 43. Kg2 1-0

[Event "15PCR_PF6"]
[Site "?"]
[Date "2004.??.??"]
[Round "2"]
[White "Nigrin, Jiri"]
[Black "Paulik, Vaclav"]
[Result "0-1"]
[WhiteElo "2104"]
[BlackElo "2172"]
[PlyCount "108"]
[EventDate "2004.??.??"]
[EventType "corr"]
[EventRounds "2"]
[SourceDate "2005.03.08"]

1. d4 Nf6 2. c4 g6 3. Nc3 d5 4. Nf3 Bg7 5. e3 O-O 6. b4 b6 7. Bb2 c5 8. bxc5
bxc5 9. Rc1 cxd4 10. Nxd4 Bb7 11. Qb3 Nc6 12. Qxb7 Nxd4 13. Qa6 Ne6 14. Nb5 Qc8
15. Qxc8 Rfxc8 16. Be2 a6 17. Na3 Rc5 18. Nb1 Rb8 19. Ba3 Rc7 20. Nd2 Rd8 21.
Bb4 Rdc8 22. O-O d4 23. Rb1 Bh6 24. Rb3 Nd7 25. Rfb1 Ndc5 26. Ra3 dxe3 27. fxe3
Rd7 28. Kf2 Rb8 29. Bxc5 Rxb1 30. Nxb1 Nxc5 31. Nc3 e6 32. Ra5 Bf8 33. Kf1 f5
34. Na4 Nxa4 35. Rxa4 Ra7 36. Bf3 a5 37. Ke2 Bc5 38. g4 Kf7 39. gxf5 exf5 40.
e4 f4 41. h4 Kf6 42. Ke1 Ke5 43. Kf1 Kd4 44. Ke2 Rb7 45. Rxa5 Rb2+ 46. Kf1 Ke3
47. Rxc5 Kxf3 48. Rb5 Rxa2 49. Rb3+ Kxe4 50. Rb5 Kf3 51. Rb3+ Kg4 52. c5 f3 53.
c6 Kg3 54. Re3 Rc2 0-1

[Event "15PCR_PF6"]
[Site "?"]
[Date "2004.??.??"]
[Round "1"]
[White "Koci, Vladimir"]
[Black "Blazek, Jaroslav"]
[Result "1-0"]
[WhiteElo "2270"]
[BlackElo "2214"]
[PlyCount "69"]
[EventDate "2004.??.??"]
[EventType "corr"]
[EventRounds "2"]
[SourceDate "2005.03.08"]

1. d4 Nf6 2. Nf3 e6 3. Bf4 b6 4. e3 Bb7 5. Nbd2 Be7 6. h3 O-O 7. Bd3 d5 8. c3
Nbd7 9. Ne5 c5 10. Ndf3 c4 11. Bc2 b5 12. O-O a5 13. Ng5 b4 14. Qb1 g6 15. Ngf3
Nxe5 16. Nxe5 Nh5 17. Bh6 Ng7 18. f4 Qd6 19. Rf3 Ra6 20. Rg3 Qc7 21. h4 Bxh4
22. Rh3 Be7 23. Kf2 Bd6 24. Qh1 f5 25. Bg5 Nh5 26. g4 Bxe5 27. gxh5 Bg7 28.
hxg6 hxg6 29. Rg1 e5 30. fxe5 Rb6 31. Rh7 bxc3 32. Qh4 cxb2 33. Bf6 b1=Q 34.
Bxb1 Bxf6 35. Rxg6+ 1-0

[Event "15PCR_PF6"]
[Site "?"]
[Date "2004.??.??"]
[Round "1"]
[White "Blazek, Jaroslav"]
[Black "Nigrin, Jiri"]
[Result "1/2-1/2"]
[WhiteElo "2214"]
[BlackElo "2104"]
[PlyCount "81"]
[EventDate "2004.??.??"]
[EventType "corr"]
[EventRounds "2"]
[SourceDate "2005.03.08"]

1. d4 Nf6 2. c4 g6 3. Nc3 d5 4. Nf3 Bg7 5. Qb3 dxc4 6. Qxc4 O-O 7. e4 a6 8. e5
Nfd7 9. Be3 Nb6 10. Qb3 Be6 11. Qd1 Nc6 12. Be2 Qe8 13. Ng5 Rd8 14. Nxe6 fxe6
15. Bg4 Kh8 16. O-O Bxe5 17. Ne2 Bxd4 18. Nxd4 e5 19. Bh6 Rf6 20. Qb3 Nxd4 21.
Qg3 Qb5 22. Rae1 Nf5 23. Bxf5 Rxf5 24. b3 Qd3 25. Re3 Qd6 26. Re4 Nd5 27. Rfe1
c6 28. Bg5 Nf6 29. R4e2 e4 30. Bxf6+ exf6 31. Rxe4 Qxg3 32. hxg3 Rd2 33. f3
Rxa2 34. Re7 Re5 35. R1xe5 fxe5 36. Rxb7 c5 37. Re7 Re2 38. Ra7 Rb2 39. Rxa6
Rxb3 40. Re6 Rb7 41. Rxe5 1/2-1/2

[Event "15PCR_PF6"]
[Site "?"]
[Date "2004.??.??"]
[Round "1"]
[White "Jarabinsky, Martin"]
[Black "Nigrin, Jiri"]
[Result "1/2-1/2"]
[WhiteElo "2116"]
[BlackElo "2104"]
[PlyCount "96"]
[EventDate "2004.??.??"]
[EventType "corr"]
[EventRounds "2"]
[SourceDate "2005.03.08"]

1. Nf3 d5 2. c4 Nf6 3. d4 g6 4. Nc3 Bg7 5. Qb3 dxc4 6. Qxc4 O-O 7. e4 a6 8. e5
Nfd7 9. Be3 Nb6 10. Qc5 c6 11. Be2 Bg4 12. Bf4 N8d7 13. Qb4 a5 14. Qb3 Be6 15.
Qc2 Nd5 16. Nxd5 Bxd5 17. O-O Re8 18. Qd2 Nf8 19. Be3 Qd7 20. b3 Ne6 21. h3 a4
22. b4 Red8 23. Rfd1 f6 24. Qc2 Kh8 25. h4 a3 26. h5 g5 27. exf6 exf6 28. Bd3
Bxf3 29. gxf3 Nxd4 30. Bxd4 Qxd4 31. Bxh7 Qxb4 32. Bg6 Qf4 33. Qb3 f5 34. Qf7
Qxf3 35. Rxd8+ Rxd8 36. Re1 Rf8 37. Qxb7 Qg4+ 38. Kh1 Qh3+ 39. Kg1 f4 40. h6
Qxh6 41. Qxc6 g4 42. Re8 g3 43. fxg3 Bd4+ 44. Kf1 fxg3+ 45. Ke2 Bb2 46. Qd7
Qh2+ 47. Kd3 Rxe8 48. Qxe8+ Kg7 1/2-1/2

[Event "15PCR_PF6"]
[Site "?"]
[Date "2004.??.??"]
[Round "1"]
[White "Paulik, Vaclav"]
[Black "Hrubcik, Martin"]
[Result "1/2-1/2"]
[WhiteElo "2172"]
[BlackElo "2072"]
[PlyCount "125"]
[EventDate "2004.??.??"]
[EventType "corr"]
[EventRounds "2"]
[SourceDate "2005.03.08"]

1. e4 c6 2. d4 d5 3. e5 Bf5 4. Nf3 e6 5. Be2 c5 6. O-O Ne7 7. c4 Nbc6 8. Na3
Ng6 9. cxd5 Qxd5 10. Nb5 Rc8 11. Be3 a6 12. Nc3 Qd8 13. dxc5 Ngxe5 14. Qa4 Qa5
15. Qxa5 Nxf3+ 16. Bxf3 Nxa5 17. Rac1 Nc6 18. Rfd1 Be7 19. b4 g5 20. g4 Bg6 21.
b5 axb5 22. Nxb5 h5 23. h3 hxg4 24. hxg4 f6 25. Nd6+ Bxd6 26. Rxd6 Ke7 27. Re1
Bh7 28. Bd2 e5 29. Bd5 Bg8 30. Rb1 Nd8 31. Bxg8 Rxg8 32. Rbb6 Rxc5 33. Bb4 Rc7
34. Kg2 e4 35. a3 Ke8 36. Rxf6 Kd7 37. Rb5 Rc4 38. Rff5 Ne6 39. Kg3 Rd4 40.
Rxb7+ Kc6 41. Rh7 Rg6 42. Ra7 Rd3+ 43. Kg2 Kb6 44. Rh7 Nf4+ 45. Kh2 Nd5 46. Be7
e3 47. fxe3 Nxe3 48. Bc5+ Kc6 49. Bxe3 Rxe3 50. Rh3 Re2+ 51. Kg3 Ra2 52. Rf3
Ra1 53. Rh5 Rg1+ 54. Kh3 Rd6 55. Rg3 Rxg3+ 56. Kxg3 Rd3+ 57. Kf2 Kd6 58. a4 Rd5
59. Rh3 Rd4 60. a5 Rxg4 61. Ra3 Rf4+ 62. Kg3 Kc7 63. a6 1/2-1/2

[Event "15PCR_PF6"]
[Site "?"]
[Date "2004.??.??"]
[Round "1"]
[White "Koci, Vladimir"]
[Black "Nigrin, Jiri"]
[Result "1/2-1/2"]
[WhiteElo "2270"]
[BlackElo "2104"]
[PlyCount "103"]
[EventDate "2004.??.??"]
[EventType "corr"]
[EventRounds "2"]
[SourceDate "2005.03.08"]

1. d4 Nf6 2. Nf3 g6 3. Bf4 Bg7 4. e3 d6 5. Be2 Nh5 6. Bg5 h6 7. Bh4 g5 8. Bg3
c5 9. c3 Qb6 10. Qc2 Nxg3 11. hxg3 Be6 12. Nbd2 Nd7 13. dxc5 dxc5 14. Nc4 Qc7
15. e4 O-O-O 16. O-O-O g4 17. Nfd2 Nf6 18. Ne3 h5 19. Bc4 Bxc4 20. Ndxc4 b5 21.
e5 Rxd1+ 22. Rxd1 Nd7 23. Nd5 Qd8 24. Na3 a6 25. c4 b4 26. Qa4 Nb8 27. Nxb4 Qc7
28. Nd3 Bxe5 29. Nxe5 Qxe5 30. Qa5 Qg5+ 31. Rd2 Kb7 32. Kd1 Qf5 33. Nc2 Nc6 34.
Qa4 h4 35. Qb3+ Ka7 36. gxh4 Rxh4 37. Rd5 Rh1+ 38. Ke2 Qe6+ 39. Qe3 Qxe3+ 40.
Nxe3 Rb1 41. Nd1 Kb6 42. Rd7 f5 43. Kd2 Ra1 44. Nc3 Ne5 45. Rxe7 Nxc4+ 46. Kc2
Kc6 47. g3 Rf1 48. Re2 Nd6 49. a4 Ra1 50. Kd2 Rh1 51. Ke3 Rh8 52. Kd2 1/2-1/2

[Event "15PCR_PF6"]
[Site "?"]
[Date "2004.??.??"]
[Round "2"]
[White "Nigrin, Jiri"]
[Black "Jarabinsky, Martin"]
[Result "1/2-1/2"]
[WhiteElo "2104"]
[BlackElo "2116"]
[PlyCount "120"]
[EventDate "2004.??.??"]
[EventType "corr"]
[EventRounds "2"]
[SourceDate "2005.03.08"]

1. d4 Nf6 2. c4 e6 3. Nf3 d5 4. Nc3 c6 5. Bg5 h6 6. Bh4 dxc4 7. e4 g5 8. Bg3 b5
9. Be2 Bb7 10. e5 Nd5 11. h4 g4 12. Nd2 h5 13. Nde4 Nd7 14. O-O Nxc3 15. Nxc3
b4 16. Ne4 c5 17. Qb1 cxd4 18. Bxc4 Be7 19. Qd3 Nc5 20. Nxc5 Bxc5 21. Rfc1 Qb6
22. Bb5+ Kf8 23. a4 bxa3 24. bxa3 Rc8 25. Rab1 Qd8 26. Bc6 Rxc6 27. Rxb7 Qc8
28. Rbb1 Bb6 29. Qd2 Rc3 30. a4 Qc5 31. Kh2 Rh7 32. Rxc3 dxc3 33. Qc1 Qc7 34.
Ra1 Qc4 35. a5 Bc7 36. Qc2 Kg7 37. a6 Bb6 38. Rd1 Rh6 39. Qc1 Rg6 40. Qc2 Kh8
41. Rd7 Rg7 42. Rd1 Rg6 43. Rd6 Kg7 44. Rd7 Qb4 45. Qc1 Qa4 46. Rd6 Ba5 47. Qf4
Qb5 48. Qe4 Bb6 49. Qc6 Qxa6 50. Qxc3 Qe2 51. Kg1 Qb5 52. Qc2 Kh7 53. Rd3 a5
54. Kh2 Qc5 55. Qa4 Qb4 56. Qe8 Kg7 57. Rd6 Bxf2 58. Bxf2 g3+ 59. Bxg3 Rxg3 60.
Kxg3 Qg4+ 1/2-1/2

[Event "15PCR_PF6"]
[Site "?"]
[Date "2004.??.??"]
[Round "2"]
[White "Blazek, Jaroslav"]
[Black "Dedina, Miroslav"]
[Result "1/2-1/2"]
[WhiteElo "2214"]
[BlackElo "2297"]
[PlyCount "77"]
[EventDate "2004.??.??"]
[EventType "corr"]
[EventRounds "2"]
[SourceDate "2005.03.08"]

1. e4 e5 2. Nf3 Nc6 3. Bb5 a6 4. Ba4 Nf6 5. O-O b5 6. Bb3 Bb7 7. d3 Bc5 8. Nc3
O-O 9. Bg5 h6 10. Bxf6 Qxf6 11. Nd5 Qd8 12. c3 d6 13. d4 exd4 14. cxd4 Ba7 15.
Qd2 Ne7 16. Qf4 Ng6 17. Qg3 Re8 18. Rad1 c5 19. dxc5 Bxc5 20. Rfe1 Rc8 21. Re2
a5 22. a4 bxa4 23. Bxa4 Bxd5 24. Rxd5 Re6 25. Ne1 Qe7 26. Qg4 Ne5 27. Qf5 Rb8
28. b3 Rf6 29. Qh3 Ng6 30. Nd3 Nf4 31. Nxf4 Rxf4 32. Qd7 Qf6 33. e5 Qg6 34. Rd1
dxe5 35. Qc7 Qb6 36. Qxe5 Rxf2 37. Rxf2 Bxf2+ 38. Kh1 Bh4 39. Qd4 1/2-1/2

[Event "15PCR_PF6"]
[Site "?"]
[Date "2004.??.??"]
[Round "2"]
[White "Paulik, Vaclav"]
[Black "Dedina, Miroslav"]
[Result "1/2-1/2"]
[WhiteElo "2172"]
[BlackElo "2297"]
[PlyCount "143"]
[EventDate "2004.??.??"]
[EventType "corr"]
[EventRounds "2"]
[SourceDate "2005.03.08"]

1. e4 e5 2. Nf3 Nc6 3. Bb5 a6 4. Ba4 Nf6 5. d4 exd4 6. O-O Be7 7. Re1 b5 8. Bb3
d6 9. Bd5 Nxd5 10. exd5 Ne5 11. Nxd4 O-O 12. Nc3 Bf6 13. Ne4 Bb7 14. Nf5 Re8
15. a4 b4 16. Rb1 a5 17. Bf4 Ng6 18. Bg3 Be5 19. c4 Bc8 20. Nd4 Bd7 21. Bxe5
Nxe5 22. b3 Qh4 23. Ng3 Ng4 24. h3 Rxe1+ 25. Qxe1 Ne5 26. Qe4 Qxe4 27. Nxe4 Re8
28. Re1 Kf8 29. Re2 Bxa4 30. bxa4 Nxc4 31. f3 Nb6 32. Rc2 Nxd5 33. Kf2 Ke7 34.
Nc6+ Kd7 35. Nxa5 Nb6 36. Nb3 Nxa4 37. g4 Re5 38. Rd2 Rb5 39. Ke2 f5 40. Nd4
Rb8 41. Nxf5 b3 42. Rd4 b2 43. Nd2 Nc5 44. Nb1 g6 45. Ne3 Nb3 46. Ra4 c5 47. f4
Ke6 48. Re4+ Kf7 49. Kd3 Nd4 50. Kc4 Rb3 51. Nd5 Rxh3 52. Re7+ Kf8 53. Rb7 Rh2
54. g5 Ke8 55. Nbc3 Kd8 56. Na4 Rc2+ 57. Kd3 Kc8 58. Rxb2 Rxb2 59. Nxb2 Kd7 60.
Na4 Ke6 61. Nab6 Kf5 62. Nc4 Nf3 63. Nc7 Kxf4 64. Ne6+ Kf5 65. Nf8 Nxg5 66.
Nxd6+ Kf6 67. Nc8 Kg7 68. Nd7 c4+ 69. Kxc4 h5 70. Ne5 h4 71. Ng4 Ne4 72. Kd4
1/2-1/2

[Event "15PCR_PF6"]
[Site "?"]
[Date "2004.??.??"]
[Round "2"]
[White "Jarabinsky, Martin"]
[Black "Paulik, Vaclav"]
[Result "1-0"]
[WhiteElo "2116"]
[BlackElo "2172"]
[PlyCount "97"]
[EventDate "2004.??.??"]
[EventType "corr"]
[EventRounds "2"]
[SourceDate "2005.03.08"]

1. Nf3 Nf6 2. c4 c5 3. Nc3 d5 4. cxd5 Nxd5 5. d4 Nxc3 6. bxc3 g6 7. e3 Bg7 8.
Bd3 O-O 9. O-O Qc7 10. Ba3 Nd7 11. e4 Rd8 12. Qc1 e5 13. d5 b6 14. Rb1 h6 15.
c4 Nf6 16. Qd1 Nh5 17. Bc1 Qd6 18. Re1 Bd7 19. Bc2 Bg4 20. Ba4 Rab8 21. h3 Bc8
22. Rb3 Bb7 23. g4 Nf6 24. Bb2 Nh7 25. Qa1 f6 26. Nh4 Nf8 27. Qc1 Bc8 28. Rf1
Rb7 29. Bc6 Rf7 30. Rd1 Kh7 31. Kg2 Qe7 32. Kg3 Rd6 33. Qc2 Nd7 34. Kh2 Nf8 35.
Ra3 Kh8 36. Rg1 f5 37. Nxf5 gxf5 38. gxf5 Nh7 39. Rag3 Ng5 40. Qe2 Bd7 41. Bxd7
Rxd7 42. Qe3 Qd6 43. h4 Nh7 44. Rg6 Nf6 45. f4 exf4 46. Qe1 f3+ 47. e5 Qc7 48.
d6 Qb8 49. exf6 1-0

[Event "15PCR_PF6"]
[Site "?"]
[Date "2004.??.??"]
[Round "2"]
[White "Jarabinsky, Martin"]
[Black "Blazek, Jaroslav"]
[Result "0-1"]
[WhiteElo "2116"]
[BlackElo "2214"]
[PlyCount "72"]
[EventDate "2004.??.??"]
[EventType "corr"]
[EventRounds "2"]
[SourceDate "2005.03.08"]

1. Nf3 Nf6 2. c4 e6 3. d4 d5 4. Nc3 c6 5. e3 Nbd7 6. Qc2 Bd6 7. Bd3 dxc4 8.
Bxc4 O-O 9. O-O e5 10. Bd2 exd4 11. exd4 Nb6 12. Bd3 Qd7 13. Bg5 Nfd5 14. Ne4
Bc7 15. Rfe1 Qg4 16. Ng3 Bxg3 17. fxg3 Be6 18. Re4 Qh5 19. Qe2 h6 20. Bd2 Nd7
21. Rf1 Nc7 22. Bc2 Qb5 23. Bd3 Qb6 24. Bc3 Rfe8 25. Qd2 c5 26. a4 c4 27. Bc2
Nd5 28. Rfe1 N7f6 29. R4e2 Rac8 30. Ba5 Qd6 31. Bc3 b6 32. Qc1 a6 33. Ne5 b5
34. Ba5 b4 35. Kh1 b3 36. Rf1 bxc2 0-1

[Event "15PCR_PF6"]
[Site "?"]
[Date "2004.??.??"]
[Round "2"]
[White "Blazek, Jaroslav"]
[Black "Koci, Vladimir"]
[Result "1-0"]
[WhiteElo "2214"]
[BlackElo "2270"]
[PlyCount "83"]
[EventDate "2004.??.??"]
[EventType "corr"]
[EventRounds "2"]
[SourceDate "2005.03.08"]

1. d4 Nf6 2. c4 e6 3. Nf3 d5 4. Nc3 c5 5. cxd5 Nxd5 6. e4 Nxc3 7. bxc3 cxd4 8.
cxd4 Nc6 9. Bc4 Bd6 10. O-O O-O 11. Bg5 f6 12. Be3 a6 13. a4 Kh8 14. Rb1 Rb8
15. Qd2 Bd7 16. d5 exd5 17. Qxd5 Bc7 18. Rfd1 Bg4 19. Bc5 Re8 20. Qf7 Qc8 21.
h3 Ne5 22. Nxe5 Rxe5 23. hxg4 Rxc5 24. Be6 Qe8 25. Rxb7 Rd8 26. Qxe8+ Rxe8 27.
Bf7 Rc8 28. g3 g5 29. Be6 Re8 30. Ba2 Re7 31. Ra7 Kg7 32. Ra8 Be5 33. Kg2 Kg6
34. Rxa6 Rcc7 35. Ra8 Ra7 36. Rdd8 Rxa8 37. Rxa8 Bd4 38. a5 Kg7 39. Rd8 Be5 40.
a6 Ra7 41. Bc4 h6 42. Rc8 1-0

[Event "15PCR_PF6"]
[Site "?"]
[Date "2004.??.??"]
[Round "2"]
[White "Jarabinsky, Martin"]
[Black "Mikoska, Josef"]
[Result "1-0"]
[WhiteElo "2116"]
[BlackElo "2133"]
[PlyCount "80"]
[EventDate "2004.??.??"]
[EventType "corr"]
[EventRounds "2"]
[SourceDate "2005.03.08"]

1. Nf3 Nf6 2. c4 e6 3. d4 b6 4. g3 Ba6 5. b3 Bb4+ 6. Bd2 Be7 7. Bg2 c6 8. Bc3
d5 9. Nbd2 Nbd7 10. O-O O-O 11. Re1 c5 12. e4 dxc4 13. Nxc4 cxd4 14. Nxd4 Rc8
15. e5 Nd5 16. Bxd5 exd5 17. Nf5 dxc4 18. Qg4 Bg5 19. e6 fxe6 20. Nxg7 Nc5 21.
Re5 Qf6 22. f4 Bxf4 23. Nxe6+ Qg6 24. Qxg6+ hxg6 25. Nxf4 Nd3 26. Re7 Rf7 27.
Nxg6 cxb3 28. axb3 Rxc3 29. Rxa6 Rf2 30. Ra1 a5 31. Rd1 Rfc2 32. h4 Rxb3 33. h5
Rbb2 34. Nf4 Rd2 35. Rxd2 Rxd2 36. Ng6 Rd1+ 37. Kg2 Re1 38. Rb7 Re6 39. g4 Nc5
40. Rb8+ Kf7 1-0

[Event "15PCR_PF6"]
[Site "?"]
[Date "2004.??.??"]
[Round "2"]
[White "Jarabinsky, Martin"]
[Black "Dedina, Miroslav"]
[Result "1-0"]
[WhiteElo "2116"]
[BlackElo "2297"]
[PlyCount "75"]
[EventDate "2004.??.??"]
[EventType "corr"]
[EventRounds "2"]
[SourceDate "2005.03.08"]

1. Nf3 Nf6 2. c4 e6 3. d4 c5 4. d5 d6 5. Nc3 exd5 6. cxd5 g6 7. e4 Bg7 8. Be2
O-O 9. O-O Re8 10. Nd2 a6 11. a4 Nbd7 12. f4 b6 13. Ra3 Rb8 14. g4 h6 15. Kh1
Nf8 16. f5 g5 17. Bd3 N8d7 18. Rg1 Ne5 19. Be2 c4 20. b4 cxb3 21. Rxb3 Nfd7 22.
Ba3 Qc7 23. Rg3 Nc5 24. Rb1 Ned7 25. Qf1 Bb7 26. Bd1 Be5 27. Rh3 Nf6 28. Bc2 h5
29. gxh5 g4 30. Qg2 Kf8 31. Rg3 Ncd7 32. Bb3 Nxh5 33. Re3 Bf4 34. Nc4 Nc5 35.
Qxg4 Bxe3 36. Nxe3 Nf6 37. Qh4 Qd8 38. Nc4 1-0

[Event "15PCR_PF6"]
[Site "?"]
[Date "2004.??.??"]
[Round "1"]
[White "Mikoska, Josef"]
[Black "Jarabinsky, Martin"]
[Result "1-0"]
[WhiteElo "2133"]
[BlackElo "2116"]
[PlyCount "85"]
[EventDate "2004.??.??"]
[EventType "corr"]
[EventRounds "2"]
[SourceDate "2005.03.08"]

1. e4 c5 2. b3 Nc6 3. f4 Nf6 4. d3 g6 5. Be2 d5 6. e5 Ng8 7. Nf3 Bg7 8. O-O Nh6
9. c4 Nf5 10. Nc3 d4 11. Ne4 b6 12. a3 O-O 13. Rb1 a5 14. Bd2 f6 15. b4 cxb4
16. Qa4 Bb7 17. Rfc1 fxe5 18. c5 exf4 19. Nfg5 f3 20. Bxf3 Ne5 21. c6 Nxf3+ 22.
gxf3 Bc8 23. axb4 Qe8 24. bxa5 Kh8 25. Qc2 bxa5 26. c7 Nh4 27. Rb8 Ra6 28. Rcb1
Qd7 29. Rxc8 Rxc8 30. Nf7+ Kg8 31. Qc4 Qe6 32. Rb8 Qxc4 33. Rxc8+ Kxf7 34. Ng5+
Kf6 35. dxc4 Rc6 36. Nxh7+ Ke6 37. Bxa5 d3 38. Kf1 Be5 39. Ng5+ Kf5 40. Nh3
Bxc7 41. Rxc7 Rxc7 42. Bxc7 Nxf3 43. Kf2 1-0

[Event "15PCR_PF6"]
[Site "?"]
[Date "2004.??.??"]
[Round "1"]
[White "Blazek, Jaroslav"]
[Black "Mikoska, Josef"]
[Result "0-1"]
[WhiteElo "2214"]
[BlackElo "2133"]
[PlyCount "110"]
[EventDate "2004.??.??"]
[EventType "corr"]
[EventRounds "2"]
[SourceDate "2005.03.08"]

1. d4 Nf6 2. c4 g6 3. Nc3 d5 4. Nf3 Bg7 5. Qb3 dxc4 6. Qxc4 O-O 7. e4 a6 8. e5
b5 9. Qb3 Nfd7 10. e6 fxe6 11. Be3 Nf6 12. a4 bxa4 13. Rxa4 Nd5 14. Bc4 c6 15.
O-O Nd7 16. Ra3 N7b6 17. Be2 Nxe3 18. fxe3 Nd5 19. Na4 Bh6 20. e4 Ne3 21. Rfa1
Ng4 22. g3 Kh8 23. Qc3 e5 24. dxe5 Qc7 25. Qc5 Bg7 26. Nb6 Rb8 27. Nxc8 Rfxc8
28. Bxa6 Rd8 29. R1a2 Nxe5 30. Qc2 Ng4 31. Kg2 Qd6 32. Rd3 Qxd3 33. Qxd3 Rxd3
34. Bxd3 Bxb2 35. Kf1 c5 36. Ke2 Kg7 37. h3 Ne5 38. Nxe5 Bxe5 39. Rc2 Bd4 40.
Bc4 Rf8 41. Rd2 Rf2+ 42. Ke1 Rf3 43. Rd3 Bf2+ 44. Ke2 Rxd3 45. Kxd3 Bxg3 46.
Bb3 Kf6 47. Kc4 Bf2 48. Kd3 Ke5 49. Bg8 h6 50. Bf7 g5 51. Ke2 Bg1 52. Kd3 Kf4
53. Bh5 Kg3 54. Bg4 h5 55. Bxh5 Kxh3 0-1

[Event "15PCR_PF6"]
[Site "?"]
[Date "2004.??.??"]
[Round "2"]
[White "Nigrin, Jiri"]
[Black "Blazek, Jaroslav"]
[Result "0-1"]
[WhiteElo "2104"]
[BlackElo "2214"]
[PlyCount "102"]
[EventDate "2004.??.??"]
[EventType "corr"]
[EventRounds "2"]
[SourceDate "2005.03.08"]

1. e4 c5 2. f4 g6 3. Nf3 Bg7 4. Nc3 Nc6 5. Bb5 Nd4 6. O-O Nxb5 7. Nxb5 d6 8. d3
Bd7 9. Nc3 e6 10. e5 d5 11. Qe1 Ne7 12. a4 Nf5 13. a5 Qc7 14. Ne2 O-O 15. g4
Ne7 16. b4 cxb4 17. Qxb4 Nc6 18. Qd2 Rfc8 19. Bb2 b5 20. Ned4 a6 21. Ba3 Qa7
22. Qf2 Nxa5 23. Ra2 Nc6 24. g5 Qb6 25. Rb1 Nd8 26. Kg2 Be8 27. Bb4 a5 28. Rba1
a4 29. Rb1 Ra6 30. Ba3 Bf8 31. Bxf8 Kxf8 32. Qe1 Kg7 33. c3 Qc5 34. Rc2 Kg8 35.
Qc1 Rb6 36. Rb4 Nc6 37. Nxc6 Rbxc6 38. Nd4 R6c7 39. Qa3 h6 40. Qc1 hxg5 41.
fxg5 Qe7 42. h4 Rc5 43. Kg1 Qc7 44. Ne2 d4 45. Rxd4 Rxe5 46. Rf4 Rf5 47. Re4
Rf3 48. Re3 Rxe3 49. Qxe3 b4 50. c4 a3 51. Ra2 Rb8 0-1

[Event "15PCR_PF6"]
[Site "?"]
[Date "2004.??.??"]
[Round "2"]
[White "Jarabinsky, Martin"]
[Black "Koci, Vladimir"]
[Result "0-1"]
[WhiteElo "2116"]
[BlackElo "2270"]
[PlyCount "92"]
[EventDate "2004.??.??"]
[EventType "corr"]
[EventRounds "2"]
[SourceDate "2005.03.08"]

1. Nf3 Nf6 2. c4 e6 3. d4 d5 4. g3 dxc4 5. Bg2 c6 6. O-O Be7 7. Ne5 O-O 8. Nc3
Nd5 9. Nxc4 Nd7 10. e4 Nxc3 11. bxc3 e5 12. Rb1 exd4 13. cxd4 Nf6 14. f4 Qd7
15. f5 Rd8 16. Be3 b6 17. Rf4 Ba6 18. Qa4 Bxc4 19. Qxc4 Rac8 20. Kh1 c5 21. d5
Bd6 22. Rh4 Be5 23. g4 Ne8 24. g5 Qd6 25. Qe2 g6 26. Rf1 c4 27. Qf3 Rc7 28. Qh3
h5 29. gxh6 Kh7 30. Bf4 g5 31. Bxg5 Nf6 32. Bc1 b5 33. Qe3 b4 34. Bf3 Qc5 35.
Qe2 b3 36. Rg1 Rg8 37. Rg7+ Kh8 38. Rxg8+ Nxg8 39. Rg4 Nf6 40. Rg1 Rc8 41. h3
a5 42. Be3 Qd6 43. h7 b2 44. Qd2 Rb8 45. Rb1 Qa3 46. Bg2 Qxa2 0-1

[Event "15PCR_PF6"]
[Site "?"]
[Date "2004.??.??"]
[Round "2"]
[White "Mikoska, Josef"]
[Black "Blazek, Jaroslav"]
[Result "1-0"]
[WhiteElo "2133"]
[BlackElo "2214"]
[PlyCount "109"]
[EventDate "2004.??.??"]
[EventType "corr"]
[EventRounds "2"]
[SourceDate "2005.03.08"]

1. e4 c5 2. b3 Nc6 3. f4 e6 4. Bb2 d5 5. e5 Nge7 6. Nf3 a6 7. g3 Nf5 8. Bg2 Be7
9. O-O O-O 10. g4 Nh6 11. g5 Nf5 12. Qe2 b5 13. Nc3 Bb7 14. Nd1 d4 15. c4 bxc4
16. bxc4 Rb8 17. d3 Qc7 18. Bc1 Ba8 19. Bd2 Rb6 20. Qe1 Rfb8 21. Nh4 Nb4 22.
Bxb4 Bxg2 23. Bxc5 Bxc5 24. Nxg2 Qc6 25. Qe2 Qa4 26. Kh1 Qa3 27. Ne1 R6b7 28.
Kg1 Rb1 29. Nc2 Qa4 30. Qg2 R1b7 31. Kh1 Qd7 32. Qf3 Nh4 33. Qe2 Qc7 34. Ne1
Nf5 35. Nf3 a5 36. Nd2 Ne3 37. Rg1 a4 38. Ne4 Nf5 39. Rc1 Qc6 40. h4 Nxh4 41.
Qh5 Ng6 42. Rc2 Rb1 43. Rh2 Nf8 44. Kg2 Ra1 45. Kg3 Rbb1 46. Nf6+ gxf6 47. gxf6
Rxd1 48. Rxd1 Rxd1 49. Qxd1 Qb6 50. Qg4+ Ng6 51. Qh3 Kf8 52. Qg2 Kg8 53. Qh1
Bf8 54. Rxh7 Qa7 55. Kg4 1-0

[Event "15PCR_PF6"]
[Site "?"]
[Date "2004.??.??"]
[Round "1"]
[White "Dedina, Miroslav"]
[Black "Blazek, Jaroslav"]
[Result "1-0"]
[WhiteElo "2297"]
[BlackElo "2214"]
[PlyCount "91"]
[EventDate "2004.??.??"]
[EventType "corr"]
[EventRounds "2"]
[SourceDate "2005.03.08"]

1. d4 Nf6 2. c4 e6 3. Nc3 Bb4 4. Qc2 O-O 5. a3 Bxc3+ 6. Qxc3 b6 7. Bg5 Bb7 8.
f3 h6 9. Bh4 d5 10. e3 Nbd7 11. cxd5 Nxd5 12. Bxd8 Nxc3 13. Bh4 Nd5 14. Bf2 f5
15. Bc4 c5 16. Ne2 Rac8 17. Bb5 Rfd8 18. O-O a6 19. Ba4 e5 20. Rac1 exd4 21.
exd4 c4 22. b3 b5 23. bxc4 bxc4 24. Bc2 f4 25. Rb1 Ba8 26. Rfc1 Kf7 27. Bf5 g6
28. Bh3 Rc6 29. Be1 N7f6 30. Ba5 Re8 31. Nc3 Nxc3 32. Rxc3 Nd5 33. Rcc1 Rg8 34.
Re1 Ne3 35. d5 Nxd5 36. Rbd1 Rd6 37. Bb4 Rb6 38. Bc5 Rgb8 39. Bxb6 Rxb6 40. g3
c3 41. Bf1 Kf6 42. Rc1 Rb3 43. Re8 Bb7 44. Bd3 Rxa3 45. Rce1 Bc6 46. R8e6+ 1-0